Perancangan Pelancongan : Pendekatan pembangunan bersepadu dan berkekalan

Bibliographic Details
Main Author: Inskeep,Edward
Format: Book
Published: Kuala Lumpur : Dewan bahasa dan pustaka , 1996
Subjects:

MARC

LEADER 00000cam a2200000 7i4500
001 0000059535
005 20160204.0
008 160204
020 |a 9836245421 
090 0 0 |a 338.4791   |b INS 
100 1 |a Inskeep,Edward 
245 1 0 |a Perancangan Pelancongan :   |b Pendekatan pembangunan bersepadu dan berkekalan   |c Edward Inskeep;Penterjemah Che Elainee Che Hassan;Norlida Abd.Halim 
260 |a Kuala Lumpur :   |b Dewan bahasa dan pustaka ,   |c 1996 
500 |a Includes bibliografi 
650 0 |a Tourist trade 
999 |a 0000776542   |b Book   |c Adult Collection   |e Cawangan Bandar Penawar 
999 |a 0000776544   |b Book   |c Adult Collection   |e Cawangan Bandar Penawar 
999 |a 0000779640   |b Book   |c Adult Collection   |e Cawangan Pontian 
999 |a 0000779641   |b Book   |c Acts   |e Cawangan Pontian 
999 |a 0000779643   |b Book   |c Adult Collection   |e Cawangan Pontian 
999 |a 0000793478   |b Book   |c Adult Collection   |e Cawangan Segamat 
999 |a 0000793480   |b Book   |c Adult Collection   |e Cawangan Segamat 
999 |a 0000793482   |b Book   |c Adult Collection   |e Cawangan Segamat 
999 |a 0000889539   |b Book   |c Adult Collection   |e Cawangan Mersing 
999 |a 0000889540   |b Book   |c Adult Collection   |e Cawangan Mersing